000 00725nam a22002297a 4500
005 20240227121856.0
008 090826t xxu||||| |||| 00| 0 eng d
010 _aENG-139454
020 _a8172653298
_c140.00/-
035 _aEN-122986
037 _bDBAD/PUB
040 _bEnglish
082 _a954
100 _936944
_aTHAWANI, S.C.
245 _aINDIA CAN BE 'MAHAN'/
_cS.C. THAWANI
260 _bSNEHAVARDHAN PUBLISHING HOUSE
_aPUNE
_c2012
270 _a863, SARDASHIV PETH
_b PUNE
_e411030
300 _a136p.
_c21CM(PBK)
700 _aDR. VIRENDER S. POONIA
_962536
700 _aMEENAKSHI POONIA
_962537
942 _2ddc
_cEN
_mTHA
_eFIRST-2012
999 _c201074
_d201074